000
00310nam a2200145Ia 4500
100
_a
Sabot/Gary W
942
_c
RB
654
_a
Computer
245
_a
High Performance Computing
260
_b
Addison Wesley Pub
_a
New york
_c
1995
082
_a
4.2
_b
SAB
300
_a
246
546
_a
ENGLISH
999
_c
21533
_d
21533